| 000 | 00965nam a22002177a 4500 | ||
|---|---|---|---|
| 999 |
_c63715 _d63715 |
||
| 005 | 20240530110655.0 | ||
| 008 | 171219s2016 ua g b 000 0dara d | ||
| 017 |
_a2015/22444 _bمصر. دار الكتب |
||
| 020 | _a9789777950220 | ||
| 040 |
_aEG-CaGPL _cEG-CaGPL |
||
| 082 | 0 | 4 |
_221 _a001.42\ _bب ك |
| 100 | 1 | _aبيل ، جوديث | |
| 245 | 1 | 0 |
_aكيف تعد مشروع بحثك : _cدليل الباحثين فى العلوم التربوية والاجتماعية والصحية / _bتأليف جوديث بيل ؛ ترجمة ومراجعة سامى محمد نصار ، محمد فتحى الزيات ، محمد السيد النجار . |
| 250 | _aط.1 | ||
| 260 |
_aالقاهرة : _bالدار المصرية اللبنانية ، _c2016 . |
||
| 300 |
_a268 ص. ؛ _c24 سم. |
||
| 650 | 0 | 7 |
_2qrmak _aالبحوث _xادلة |
| 650 | 0 | 7 |
_2qrmak _aالبحث العلمى |
| 942 |
_2ddc _cBK |
||